Online
Catalog

El vértigo horizontal / (Record no. 7241)

MARC details
000 -CABECERA
campo de control de longitud fija 01051cam a2200289 a 4500
001 - NÚMERO DE CONTROL
campo de control 000007460
005 - FECHA Y HORA DE LA ÚLTIMA TRANSACCIÓN
campo de control 20250128171937.0
008 - DATOS DE LONGITUD FIJA--INFORMACIÓN GENERAL
campo de control de longitud fija 030609s1999 ve b 000 0 spa d
020 ## - NÚMERO INTERNACIONAL ESTÁNDAR DEL LIBRO
Número Internacional Estándar del Libro 980619764X
035 ## - NÚMERO DE CONTROL DEL SISTEMA
Número de control de sistema (OCoLC)ocm43940287
040 ## - FUENTE DE LA CATALOGACIÓN
Centro catalogador/agencia de origen DO-SdBNP
Centro/agencia transcriptor NOC
Centro/agencia modificador OCLCQ
-- BNPHU
082 ## - NÚMERO DE LA CLASIFICACIÓN DECIMAL DEWEY
Número de clasificación V864.44
Número de documento/Ítem V632v
049 ## - FONDOS LOCALES (OCLC)
Fondos de biblioteca BNGR
100 1# - ENTRADA PRINCIPAL--NOMBRE DE PERSONA
Nombre de persona Vicente, Henry,
Fechas asociadas al nombre 1962-
9 (RLIN) 20741
245 13 - MENCIÓN DE TÍTULO
Título El vértigo horizontal /
Mención de responsabilidad, etc. Henry Vicente.
260 ## - PUBLICACIÓN, DISTRIBUCIÓN, ETC.
Lugar de publicación, distribución, etc. Caracas, (Venezuela) :
Nombre del editor, distribuidor, etc. Centro de Estudios Latinoamericanos Rómulo Gallegos,
Fecha de publicación, distribución, etc. 1999.
300 ## - DESCRIPCIÓN FÍSICA
Extensión 87 p. ;
Dimensiones 21 cm.
490 1# - MENCIÓN DE SERIE
Mención de serie 12 edición Premio Fernando Paz Castillo 1998
-- Estudios Literarios
504 ## - NOTA DE BIBLIOGRAFÍA, ETC.
Nota de bibliografía, etc. Bibliografías: p. 81-87.
586 ## - NOTA DE PREMIOS
Nota de premios Premio Fernando Paz Castillo, 1998.
600 10 - PUNTO DE ACCESO ADICIONAL DE MATERIA--NOMBRE DE PERSONA
Nombre de persona Borges, Jorge Luis,
Fechas asociadas al nombre 1899-1986
9 (RLIN) 4173
650 #4 - PUNTO DE ACCESO ADICIONAL DE MATERIA--TÉRMINO DE MATERIA
Término de materia o nombre geográfico como elemento de entrada Ensayos venezolanos
9 (RLIN) 4376
650 #4 - PUNTO DE ACCESO ADICIONAL DE MATERIA--TÉRMINO DE MATERIA
Término de materia o nombre geográfico como elemento de entrada Literatura venezolana
9 (RLIN) 3816
700 1# - PUNTO DE ACCESO ADICIONAL--NOMBRE DE PERSONA
Nombre de persona Gallegos, Rómulo,
Término indicativo de función/relación ed.
9 (RLIN) 20742
830 #0 - PUNTO DE ACCESO ADICIONAL DE SERIE-TÍTULO UNIFORME
Título uniforme 12 edición Premio Fernando Paz Castillo 1998,
Nombre de parte o sección de la obra Estudios Literarios.
9 (RLIN) 20743
910 ## - DATOS DE OPCIÓN DEL USUARIO (OCLC)
Datos de opción del usuario Catalogación por copia / LC
Holdings
Estado de retiro Estado de pérdida Restricciones de uso No para préstamo Código de colección Localización permanente Ubicación/localización actual Ubicación en estantería Fecha de adquisición Número de inventario Total de préstamos Signatura topográfica completa Código de barras Fecha visto por última vez Precio válido a partir de Tipo de ítem Koha
    Préstamo interno   Monografías: Libros y Folletos General General En catalogación 08.09.2009 LF1   V864.44 V632v 7460-10 25.06.2020 25.06.2020 Préstamo interno

Powered by Koha